Udržiavanie strategickej prevahy najvyspelejších menších ekonomík: synergia formovania štruktúr a zmien v politike

Rozdiely v štruktúrach a prístupoch niektorých vybraných ekonomík. Udržiavanie strategickej prevahy a špecifiká národných disparít vyvolávaných posunom jednotlivých ekonomík k znalostne orientovaným spoločnostiam.

Gespeichert in:
Bibliographische Detailangaben
1. Verfasser: Brzica, Daneš
Format: Buchkapitel
Sprache:Slowakisch
Schlagworte:
Tags: Tag hinzufügen
Keine Tags, Fügen Sie das erste Tag hinzu!

MARC

LEADER 00000naa a2200000 4500
001 0227018
005 20221019173051.6
041 0 |a slo 
044 |a SK 
245 1 0 |a Udržiavanie strategickej prevahy najvyspelejších menších ekonomík: synergia formovania štruktúr a zmien v politike  |c Daneš Brzica 
520 |a Rozdiely v štruktúrach a prístupoch niektorých vybraných ekonomík. Udržiavanie strategickej prevahy a špecifiká národných disparít vyvolávaných posunom jednotlivých ekonomík k znalostne orientovaným spoločnostiam. 
610 2 0 |a spoločnosť vedomostná 
610 2 0 |a zmeny štruktúrne 
610 2 0 |a zmeny technologické 
610 2 0 |a Slovensko 
610 2 0 |a Belgicko 
610 2 0 |a Švédsko 
610 2 0 |a Holandsko 
100 1 |a Brzica, Daneš